| 000 | 00761nam a22002057a 4500 | ||
|---|---|---|---|
| 999 |
_c14381 _d14381 |
||
| 008 | 190913b ||||| |||| 00| 0 eng d | ||
| 020 | _a9789715508476 | ||
| 082 |
_22018 _aDFil 428.0711 _bP976 |
||
| 100 |
_aSuarez, Cecilia A. _939663 |
||
| 245 |
_aPurposive communication in English/ _cCecilia A. Suarez and 3 others |
||
| 260 |
_aQuezon City: _bAteneo de Manila University Press, _cc2018. |
||
| 300 |
_avi, 306 pages; _b25 cm. |
||
| 500 | _aIncludes index. | ||
| 650 |
_aEnglish language--Study and Teaching (Higher) _939664 |
||
| 650 |
_aOral communication-- Study and Teaching (Higher) _939665 |
||
| 700 |
_aPerfecto, Marianne Rachel G. _939666 |
||
| 700 |
_aCanilao, Maria Luz Elena _939667 |
||
| 700 |
_aPaez, Devi Benedicte _939668 |
||
| 942 |
_2ddc _cDFIL |
||